| 000 | 00329nam a2200121Ia 4500 | ||
|---|---|---|---|
| 005 | 20251222144638.0 | ||
| 008 | 251222s9999||||xx |||||||||||||| ||spa|| | ||
| 082 | _a331.485/B26 | ||
| 100 | _aBastidas Aliaga, María | ||
| 245 | 0 | _aLas Mujeres y la Precariedad del Trabajo en la Economía Informal: | |
| 264 | _bADC | ||
| 942 | _cLIB | ||
| 999 |
_c16576 _d16576 |
||